000 01044nmm a2200313 a 4500
001 ocm0002015653
003 TR-IsHL
005 20201028180248.0
008 181206s2014 tu tur
007 cr cn
020 _a9786055675837
035 _a2015653
_b(N$T)
050 0 4 _aPG3476.B78
_bB47 2014
090 0 4 _aPG3476.B78
_bB47 2014
100 1 _aBulgakov, Mikhail
245 1 0 _aBeyaz muhafız
_h[electronic resource] /
_cMikhail Bulgakov ; çevirmen, Engin Süren ; editör: Güneş Öztürk
250 _a1. Baskı
260 _aİstanbul :
_bMaya Kitap,
_c2014
300 _a367 p.
500 _aÖzgün eser adı: Bela︠i︡a gvardi︠i︡a.
650 4 _aDil ve Edebiyat
650 4 _aLanguage and Literature
650 0 _aRus romanı
650 0 _aRussian fiction
650 7 _aLITERARY COLLECTIONS / Russian & Former Soviet Union
_2bisacsh
700 1 _aSüren, Engin
700 1 _aÖztürk, Güneş
856 4 0 _uhttp://search.ebscohost.com/login.aspx?direct=true&scope=site&db=e011xww&AN=2015653
999 _c19060
_d19060